<?xml version="1.0" encoding="UTF-8"?>
<marc:record xmlns:marc="http://www.loc.gov/MARC21/slim">
   <marc:leader>00000nam a2200000 a 4500</marc:leader>
   <marc:datafield ind1="1" ind2=" " tag="100">
      <marc:subfield code="a">Colfer, Chris</marc:subfield>
      <marc:subfield code="4">aut</marc:subfield>
      <marc:subfield code="e">Verfasser/-in</marc:subfield>
   </marc:datafield>
   <marc:datafield ind1="0" ind2="0" tag="245">
      <marc:subfield code="a">Eine geheime Akademie</marc:subfield>
   </marc:datafield>
   <marc:datafield ind1="0" ind2="0" tag="245">
      <marc:subfield code="c">Chris Colfer ; gelesen von Rufus Beck ; aus dem amerikanischen Englisch von Naemi Schuhmacher</marc:subfield>
   </marc:datafield>
   <marc:datafield ind1=" " ind2="1" tag="264">
      <marc:subfield code="a">Berlin</marc:subfield>
      <marc:subfield code="b">Argon Verlag AVE GmbH</marc:subfield>
      <marc:subfield code="c">2021</marc:subfield>
   </marc:datafield>
   <marc:datafield ind1="1" ind2=" " tag="490">
      <marc:subfield code="a">Die Legende der Magie</marc:subfield>
      <marc:subfield code="v">1</marc:subfield>
   </marc:datafield>
   <marc:datafield ind1=" " ind2=" " tag="250">
      <marc:subfield code="a">Ungekürzte Lesung</marc:subfield>
   </marc:datafield>
   <marc:datafield ind1="1" ind2=" " tag="520">
      <marc:subfield code="a">Angaben aus der Verlagsmeldung

Tale of Magic: Die Legende der Magie 1 – Eine geheime Akademie A Tale of Magic Colfer, Tale of Magic: Die Legende der Magie 1 – Eine geheime Akademie / von Chris Colfer

Brystal Evergreen liebt Bücher – doch in ihrer Heimat dürfen Mädchen und Frauen nicht lesen. Als sie trotzdem an ein geheimnisvolles Buch gerät, ändert sich ihr Leben: Brystal erfährt, dass sie magische Fähigkeiten besitzt. Sie wird an der Akademie der charismatischen Madame Weatherberry aufgenommen, wo sie in guter Magie ausgebildet wird. Aber auch diese Gemeinschaft kennt Unterdrückung: Eine Hexe unterwirft die Menschen mit böser Zauberkraft. Und nur eine hat die mächtige Gabe, sie aufzuhalten: Brystal Evergreen!
</marc:subfield>
   </marc:datafield>
   <marc:datafield ind1=" " ind2=" " tag="020">
      <marc:subfield code="a">9783839842454</marc:subfield>
      <marc:subfield code="9">9783839842454</marc:subfield>
   </marc:datafield>
   <marc:datafield ind1=" " ind2=" " tag="020">
      <marc:subfield code="a">383984245X</marc:subfield>
      <marc:subfield code="9">383984245X</marc:subfield>
   </marc:datafield>
   <marc:datafield ind1=" " ind2=" " tag="041">
      <marc:subfield code="a">ger</marc:subfield>
   </marc:datafield>
   <marc:datafield ind1=" " ind2=" " tag="300">
      <marc:subfield code="a">2 CDs</marc:subfield>
   </marc:datafield>
</marc:record>
